000 01368nam a2200241 a 4500
008 120416s2004 ||||||||||||||||| || u
020 _a082135924X
050 _aHJ 7931.5 Zam
110 _aWorld Bank
245 1 0 _aZambia: public expenditure management and financial accountability review
_cby The World Bank
260 _aWashington, D.C.
_bWorld Bank
_c2004
300 _axxii, 180p.: ill.
350 _a25000.00
362 1 _a<p>A World Bank Country Study</p>
650 _aZAMBIA--APPROPRIATIONS AND EXPENDITURES
650 _aFINANCE, PUBLIC--ZAMBIA--ACCOUNTING
650 _aGOVERNMENT SPENDING POLICY--ZAMBIA
650 0 _aFINANCE--DEVELOPING COUNTRIES
995 _aMAIN LIBRARY OPEN ACCESS
_D25000.00
_e740413
_FCBU-MAIN LIBRARY (Kitwe)
_H1
_I25000.00
_jHJ 7931.5 Zam
_M3
_UAVAILABLE
_WNov 24, 2009
_y740413
_ZMain Library Open Access Collection
995 _aANNEX COLLECTION (Main Library)
_D0.00
_e55612
_FCBU-MAIN LIBRARY (Kitwe)
_H1
_I0.00
_jHJ 7931.5 Zam
_M1
_UAVAILABLE
_y55612
_ZAnnex Low-Usage Collection
995 _aSPECIAL COLLECTIONS
_D25000.00
_e740412
_FCBU-MAIN LIBRARY (Kitwe)
_H1
_I25000.00
_jZAM HJ 7931.5 Zam
_M2
_UAVAILABLE
_WNov 24, 2009
_y740412
_ZZambiana Collection
995 _aMAIN LIBRARY OPEN ACCESS
_D25000.00
_e740414
_FCBU-MAIN LIBRARY (Kitwe)
_H1
_I25000.00
_jHJ 7931.5 Zam
_M4
_UAVAILABLE
_WNov 25, 2009
_y740414
_ZMain Library Open Access Collection
999 _c83407
_d83407